| 000 | 00999nam a22002537a 4500 | ||
|---|---|---|---|
| 005 | 20170124103016.0 | ||
| 010 | _aA-977087 | ||
| 020 | _c75.00 | ||
| 035 | _aA-977087 | ||
| 037 | _bCen Lib/Ret | ||
| 040 |
_aDPL _bHN |
||
| 082 |
_aक _bकश्यप |
||
| 100 |
_aकश्यप, पुष्पलता _959212 |
||
| 245 |
_aस्वाभीमान : _cपुष्पलता कश्यप _bकहानी संग्रह / |
||
| 246 |
_aSwabhimaan : kahani sangarh / _bby Pushplata Kashyap |
||
| 260 |
_aजोधपुर _bराजस्थानी ग्रंथागार _c1998 |
||
| 270 |
_aसोजती गेट _bजोधपुर |
||
| 300 |
_aiii,90पृ. _c19सेमी(सजिल्द) |
||
| 650 |
_aहिंदी साहित्य _959213 |
||
| 650 |
_aहिंदी कहानियां _92082 |
||
| 650 |
_aHindi literature _959214 |
||
| 650 |
_aHindi stories _959215 |
||
| 942 |
_2ddc _cHN _hक _mकश्यप |
||
| 999 |
_c114965 _d114965 |
||